[Event "Clarin GP final"]
[Site "Villa Gesell"]
[Date "1998.03.12"]
[Round "6"]
[White "Sunye Neto, Jaime"]
[Black "Soppe, Guillermo"]
[Result "1/2-1/2"]
[WhiteElo "2515"]
[BlackElo "2455"]
[Annotator "Ribli,Z"]
[PlyCount "114"]
[EventDate "1998.03.07"]
[EventType "tourn"]
[EventRounds "11"]
[EventCountry "ARG"]
[EventCategory "10"]
[SourceTitle "CBM 064"]
[Source "ChessBase"]
[SourceDate "1998.06.02"]
[SourceVersion "1"]
[SourceVersionDate "1998.06.02"]
[SourceQuality "1"]

1. c4 e5 2. Nc3 Nc6 3. Nf3 g6 4. d4 exd4 5. Nd5 {Ich kann diese Fortsetzung
nicht empfehlen. Das natürliche 5.Nxd4 ist nach meiner Meinung besser. Ribli.}
(5. Nxd4 $5 Bg7 6. Nxc6 bxc6 7. g3 $14) 5... Bg7 (5... h6 6. Nxd4 {[%cal Rd4b5,
Rb5c7,Rd5c7]} a6 7. Bf4 d6 $16) 6. Bg5 {Es scheint, Schwarz habe schwere
Entwicklungsprobleme, aber Weiß muß stufenweise zurückgedrängt werden.} Nce7 (
6... f6 7. Bf4 d6 8. Nxd4 a6 9. Qd2 Ne5 10. e4 Ne7 11. Bh6 O-O 12. Bxg7 Kxg7
13. Be2 N7c6 14. O-O Re8 15. f4 Nxd4 16. Qxd4 c5 17. Qf2 Nc6 18. Bd3 Be6 19.
Rae1 Nd4 {0-1 Petrosian,K-Galdunts,S/Schwaebisch Gmund op 1996 (38)}) (6... Nf6
7. Nxd4 {[%cal Rd4b5,Rb5c7,Rd5c7]} a6 8. e3 $14) (6... Nge7 $2 7. Nxd4 Bxd4 8.
Qxd4 $18 Nxd4 9. Nf6+ Kf8 10. Bh6#) 7. Nxd4 c6 (7... h6 8. Bh4 g5 9. Bg3 Nxd5
10. cxd5 c5 11. Nf5 Bxb2 12. Qd2 $1 Qf6 13. Nd6+ Kf8 14. Ne4 Qd4 15. Rb1 $44 {
Onischuk,A-Andrienko,A/Jurmala/1991/CBM24/}) 8. Nc3 (8. Nxe7 Nxe7 9. Qd2 h6 10.
Bh4 O-O (10... g5 11. Bg3 d5 12. e3 O-O 13. O-O-O Nf5 14. Nxf5 Bxf5 15. Bd3 (
15. cxd5 Qb6 16. Qe2 cxd5 17. Rxd5 Rac8+ 18. Kd1 Rfd8 $19 {0-1 Valerga,
D-Rosito,J/ARG-ch 1996 (30)}) 15... Bxd3 16. Qxd3 Qb6 17. Rd2 Rfd8 $36 {
Ksieski,Z-Szymczak,Z/POL-ch 1984/0-1 (53)}) 11. e3 d5 12. Bxe7 Qxe7 13. cxd5
Rd8 $1 14. Bc4 c5 (14... Bxd4 15. Qxd4 Be6 16. O-O Bxd5 $11 {0-1 Gross,
K-Paulsen,D/BL8586 1986 (42)}) 15. Nf3 b5 $1 16. Bxb5 Rb8 17. a4 Bb7 18. Bc4
Qe4 19. Rc1 Bxd5 20. b3 Bc6 21. Qc2 Qxc2 22. Rxc2 Bxa4 $1 {0-1 Mellado,
J-Giorgadze,G/Manresa 1995 (53)}) 8... h6 (8... Nf6 $5 9. Qd2 d5 10. e3 O-O 11.
Rd1 {1/2-1/2 Badea,B-Nestorovic,D/Belgrade Trako 1995}) (8... Qa5 {[%cal Ra5g5,
Ga5e1]} 9. Qd2 Qc5 {[%cal Rc5d4,Rc5c4,Gg7a1]} 10. Rd1 Qxc4 11. e4 Qxd4 12. Qxd4
Bxd4 13. Rxd4 f6 14. Be3 $44 {und Weiß hat das Läuferpaar und
Entwicklungsvorteil für den geopferten Bauern. Schwarz hat Probleme auf den
schwarzen Feldern.}) 9. Bf4 (9. Bh4 Qb6 10. Nb3 Qb4 11. e4 d5 12. exd5 cxd5 13.
Bg3 dxc4 14. Bd6 Bxc3+ 15. bxc3 Qxc3+ 16. Qd2 Qxd2+ 17. Nxd2 Nf5 18. Be5 f6 19.
Bb2 Be6 20. Bxc4 Bxc4 21. Nxc4 Rc8 {1/2-1/2 Hausner,I-Berndt,S/BL2-N 1995})
9... d5 10. e3 (10. cxd5 Nxd5 11. Nxd5 Qxd5 $15 {[%csl Gg7][%cal Gg7a1] Und
der schwarze Läufer g7 steht ausgezeichnet.}) 10... Nf6 11. c5 (11. Be2 O-O 12.
O-O dxc4 13. Bxc4 Ned5 14. Nxd5 Nxd5 $11) 11... O-O 12. Bd3 (12. Be2 Nf5 (12...
b6 $5) 13. O-O Re8 14. Rc1 g5 15. Nxf5 Bxf5 16. Bd6 Qd7 17. b4 b5 18. a4 a6 19.
Qb3 Ne4 20. Nxe4 Bxe4 21. Rcd1 Qe6 22. Rd2 {1-0 Suetin,A-Murrey,J/URS-chT 1966
(41)}) 12... b6 {Schwarz sprengt die Stellung.} 13. Bd6 (13. cxb6 axb6 14. O-O
Ba6 $15 {[%csl Gg7][%cal Gg7a1] Schwarz hat ein sehr massives Bauernzentrum
errichtet und sein Läufer auf g7 steht viel besser als sein Kollege auf f4.}) (
13. b4 bxc5 14. bxc5 Qa5 $17 {[%csl Rc3,Rc5]}) 13... Ne8 $1 $15 {Mit dem
zeitweiligen Bauernopfer übernimmt Schwarz die Initiative.} 14. Bxe7 Qxe7 {
Der Nachziehende beherrscht die schwarzen Felder.} 15. Nxc6 (15. cxb6 $2 Bxd4
$19 {[%cal Ge7e1]}) 15... Bxc3+ (15... Qxc5 16. Nxd5 Bxb2 (16... Qxd5 $2 17.
Ne7+ $18 {[%cal Re7d5,Re7g8]}) (16... Qxc6 $2 17. Ne7+ $18 {[%cal Re7c6,Re7g8]}
) 17. Rb1 Bg7 18. Rc1 $36 {[%cal Rc6e7,Re7g8,Re7c8]}) 16. bxc3 Qxc5 {[%cal
Rc5c3,Rc5c6]} 17. Nd4 Qxc3+ {Schwarz hat einen Bauern gewonnen, aber wegen
seines isolierten Damenbauerns und der guten Felder für die weißen Figuren ist
die technische Verwertung des Materialvorteils noch nicht so einfach.} 18. Ke2
Nf6 19. Qc1 Qc5 (19... Qxc1 20. Rhxc1 {Und Weiß kann mit folgendem 21.a4 am
Damenflügel aktiv werden.}) 20. Qb2 (20. Qxc5 $2 bxc5 $17 {[%csl Gc5,Gd5] Die
hängenden schwarzen Zentrumsbauern sind stark.}) 20... Bg4+ 21. f3 Bd7 22. Kf2
{Der weiße König hat eine sichere Position auf f2 bezogen. Weiß hat eine feste
Stellung, weil er den Punkt d4 kontrolliert.} Qd6 23. Ne2 {[%cal Gb2d4] Weiß
beabsichtigt, die Dame zu zentralisieren.} Rae8 {Ich bin nicht ganz sicher,
daß die Turmdoppelung in der e-Linie die beste Möglichkeit für Schwarz
darstellt, denn Weiß kann seine Bauernschwäche e3 leicht verteidigen.} (23...
Rac8 $5) (23... Rfe8 $5) 24. Qd4 {[%csl Gd4]} Re5 25. Ng3 Rfe8 {[%csl Re3]
[%cal Re8e3]} 26. Rhe1 Qc5 27. Rec1 $1 (27. Rac1 Qxd4 28. exd4 Rxe1 29. Rxe1
Rxe1 30. Kxe1 Kf8 $17 {Schwarz besitzt einen klaren Mehrbauern mit guten
Gewinnchancen.}) (27. Qxc5 bxc5 $17 {[%csl Gc5,Gd5]}) 27... Qxd4 28. exd4 R5e7
29. a4 $36 {Die e3-Schwäche ist verschwunden und die schwarze Türme stehen nun
überflüssig in der e-Linie.} Rc8 (29... a5 30. Rcb1 Rb8 31. Rb2 $15) 30. a5
bxa5 $6 (30... Rxc1 $5 31. Rxc1 bxa5 32. Rc7 a4 $17 {[%csl Ra4] Der entfernte
Freibauer ist stark.}) 31. Rxc8+ Bxc8 32. Rxa5 {[%csl Ga5,Ra7,Rd5] Der weiße
Turm hat eine ausgezeichnete Position bezogen und kontrolliert gleichzeitig
die Bauern auf a7 und d5.} Rb7 33. Ne2 {[%cal Ge2f4,Gf4d5,Ge2c3,Gc3d5] Der
weiße Springer strebt zum Damenflügel.} Be6 34. Nf4 g5 35. Ne2 Ne8 36. Bb5 {
[%csl Ga5,Gb5][%cal Rb5c6,Rc6b7,Rb7d5]} Nc7 37. Nc3 {Weiß übt nun
positionellen Druck am Damenflügel aus.} Nxb5 (37... Kf8 38. Bc6 Rb6 (38...
Rb2+ 39. Kf1) 39. Bxd5 Nxd5 40. Nxd5 Bxd5 41. Rxd5 $11) 38. Nxb5 {[%csl Re6]
Weiß hat aktives Figurenspiel für den Minusbauern. Der schwarze Läufer e6 hat
nur Verteidigungsrolle.} a6 39. Nc3 Rb2+ (39... Rb4 40. Nxd5 Rxd4 41. Nc7 Rd2+
42. Kg1 Bc4 43. Nxa6 $11 {Theoretisch steht Schwarz aktiver, aber Weiß kann
die Stellung natürlich halten.}) 40. Kg1 (40. Kg3 h5 41. h4 (41. Nxd5 $2 h4#)
41... gxh4+ 42. Kxh4 Rxg2 43. Nxd5 $15) 40... Rb4 41. Ne2 {Die
Partiefortsetzung ist nicht schlecht, aber nach meiner Meinung kann Weiß hier
das Remis erzwingen.} (41. Nxd5 $5 Rxd4 42. Nc7 $11 {[%csl Ra6][%cal Rc7a6]})
41... Rb6 42. Nc3 Rd6 43. Na2 Rc6 (43... Rb6 44. Nc3 $11) 44. Nb4 Rc4 45. Nxa6
(45. Nxd5 Rxd4 46. Nc7 $11) 45... Rxd4 46. Nc7 {Der schwarze d-Freibauer ist
nicht so gefährlich für Weiß und das gute Zusammenspiel der weißen Figuren
reicht für die Punkteteilung aus.} Rd1+ 47. Kf2 Rd2+ (47... d4 48. Nxe6 fxe6
49. Ra7 $15 {[%csl Ga7,Rg8][%cal Ga7h7]}) 48. Kf1 h5 (48... d4 49. Nxe6 fxe6
50. Ra7 $15 {[%csl Ga7,Rg8][%cal Ga7h7]}) 49. Nxe6 fxe6 50. Ra7 {Der schwarze
König ist abgeschnitten und die Remiswahrscheinlichkeit ist in diesem
Turmendspiel groß.} Rd3 51. Re7 Re3 52. Kf2 Re5 53. g3 $11 {[%csl Re5,Ge7,Rg8]
[%cal Ge7e5,Ge7h7,Ge7a7] Der schwarze Turm spielt nur eine Verteidigungsrolle.
Der Mehrbauern ist kaum zu verwerten.} h4 (53... Kf8 54. Rh7 {[%csl Gh7][%cal
Rh7h5]} g4 55. f4 Rf5 56. Ke3 $11) 54. gxh4 gxh4 55. h3 Kh8 (55... Kf8 56. Rh7
$11 {[%cal Rh7h4]}) (55... d4 56. Rd7 Rd5 57. Rxd5 exd5 58. Ke2 Kf7 59. Kd3 Ke6
60. Kxd4 Kf5 61. Kxd5 Kf4 62. Kd4 Kxf3 63. Kd3 Kg3 64. Ke3 Kxh3 65. Kf3 $11)
56. Rf7 Rg5 (56... Kg8 57. Re7 $11) 57. Rf6 e5 {und in dieser gleichen
Stellung wurde Remis vereinbart. Ribli.} (57... e5 58. Rh6+ $11 {[%cal Rh6h4,
Rh6h8]} (58. f4 exf4 59. Rxf4 Rh5 60. Rg4 $11 {[%csl Rh5,Rh8][%cal Gg4g8]}))
1/2-1/2

[Event "Dortmund Master"]
[Site "Dortmund"]
[Date "1999.07.10"]
[Round "2"]
[White "Mikhalchishin, Adrian"]
[Black "Mainka, Gregor"]
[Result "0-1"]
[WhiteElo "2542"]
[BlackElo "2342"]
[Annotator "Ribli,Z"]
[PlyCount "65"]
[EventDate "1999.07.09"]
[EventType "tourn"]
[EventRounds "9"]
[EventCountry "GER"]
[EventCategory "9"]
[SourceTitle "CBM 072"]
[Source "ChessBase"]
[SourceDate "1999.10.01"]
[SourceVersion "1"]
[SourceVersionDate "1999.10.01"]
[SourceQuality "1"]

{[%mdl 8704]} 1. c4 e5 2. Nc3 Nc6 3. Nf3 f5 {Mit dieser Fortsetzung bricht
Schwarz die Symmetrie. Ähnliche Stellungen haben wir in der Zugfolge 1.c4 e5 2.
Nc3 d6 3.Nf3 f5, aber dort steht der Springer nicht auf c6, so dass Schwarz in
einigen Varianten den elastischen Zug ...c6 spielen kann. Ribli.} 4. d4 e4 5.
Ng5 Bb4 6. Nh3 {[%csl Yf4][%cal Gh3f4] Der Springer geht zurück und strebt auf
das Schlüsselfeld f4.} Nf6 7. Bg5 {Weiss folgt einer einfachen Strategie. Er
gibt den schwarzfeldrigen Läufer auf und festigt dann mit e3 das Zentrum.} (7.
e3 Bxc3+ 8. bxc3 d6 9. Nf4 O-O 10. h4 Na5 11. c5 Qe7 12. Qa4 b6 13. c6 Be6 14.
c4 Bf7 15. d5 Nh5 16. g3 Nxf4 17. gxf4 Qf6 18. Rb1 Bh5 19. Bb2 Qg6 20. Qc2 Rf7
21. Be2 {1/2-1/2 Psakhis,L-Karpman,V/Rishon Le Zion 1998/CBM 62 ext (21)}) (7.
Bd2 $5 Nxd4 (7... O-O 8. e3 d6 9. Be2 Bd7 (9... Ne7 10. Nf4 c5 11. O-O Ng6 12.
Nxg6 hxg6 13. a3 Ba5 14. b4 cxb4 15. axb4 Bxb4 16. Nxe4 Bxd2 17. Nxf6+ Qxf6 18.
Qxd2 {1-0 Hansen,C-Krnic,Z/Tilburg 1993/CBM 39 (38)}) 10. a3 Bxc3 11. Bxc3 Kh8
12. b4 a6 13. a4 d5 14. b5 axb5 15. axb5 Rxa1 16. Qxa1 Ne7 17. Bb4 $14 {
1-0 Dragomarezkij,E-Mochalov,E/Minsk 1993/CBM 36/[Ribli] (37)}) 8. Nxe4 Bxd2+
9. Nxd2 d6 10. e3 Nc6 11. Nf4 Ne5 12. Be2 Bd7 13. O-O O-O 14. Qb3 Kh8 15. Qxb7
Rb8 16. Qxa7 Rxb2 17. Qd4 Rc2 18. Bd1 Nc6 19. Qd3 Rb2 20. Bb3 Qe7 21. Nd5 Qe8
22. Nxc7 Qb8 23. Nd5 Nxd5 24. cxd5 Qb4 25. dxc6 Rxd2 26. Qa6 Bc8 27. Qc4 Qa5
28. Rfd1 f4 29. Rxd2 Qxd2 30. Rd1 {1-0 Stefansson,H-Urday,H/Elista 1998/CBM 66
ext (30)}) 7... h6 8. Bxf6 Qxf6 9. e3 g5 {Schwarz verhindert den Zug 10.Nf4
und bereitet 10...f4 vor.} 10. Be2 (10. Qh5+ Kf8 $11) 10... f4 {Schwarz öffnet
seinem Läuferpaar die Stellung. Aber diese Fortsetzung ist riskant, denn der
e4-Bauer wird geschwächt.} (10... d6 11. O-O Bxc3 12. bxc3 Bd7 13. f3 exf3 14.
Bxf3 O-O-O 15. Rb1 b6 16. Qa4 Na5 17. Qxa5 {1/2-1/2 Hauchard,A-Stefansson,H/
Reykjavik 1993/CBM 35 (17)}) 11. Qc2 {[%csl Re4][%cal Rc2e4]} O-O 12. Bg4 $5 (
12. Qxe4 d6 $44 {[%csl Rh3][%cal Gc8h3] Der h3-Springer steht schlecht und
Schwarz hat gute Kompensation für den Bauern.}) 12... d6 $5 (12... Bxc3+ 13.
bxc3 Na5) 13. Bxc8 Raxc8 14. Qxe4 {Weiss hat einen Bauern gewonnen, aber sein
König steht in der Mitte.} fxe3 15. fxe3 Rce8 $44 {[%csl Re1,Re4][%cal Re8e1]}
16. Qd5+ Kg7 17. Kd2 (17. O-O-O $6 Bxc3 18. bxc3 Rxe3 $15) 17... Ne7 {[%cal
Re7d5,Ge7f5,Gf5e3] Der Springer will nach f5, aber dieser Zug ist ein neues
Bauernopfer. Ich glaube, die anderen Springerzüge sind vielleicht besser.} (
17... Na5 $5 {[%csl Rd5][%cal Rc7c6]} 18. Qb5 (18. Raf1 $2 c6 $1 19. Rxf6 Rxf6
{[%csl Rd5]} 20. Qf3 Rxf3 21. gxf3 Nxc4+ $19) 18... c5 $13) (17... Nd8 $5) 18.
Qxb7 Nf5 19. Rae1 (19. Qxb4 Nxe3 $13 {[%csl Rd2,Ge3,Rh3][%cal Rg5g4,Rg4h3]
Weiss hat eine Figur mehr, aber es droht 20...g4 mit Springerfang und der
König steht unsicher.}) {[#]} 19... Nxe3 $5 20. Qxb4 (20. Rxe3 $5 {Dieser Zug
wirkt auf ersten Blick verdächtig, aber es ist nicht leicht für Schwarz, die
Korrektheit des Opfers nachzuweisen.} Qxd4+ (20... Rxe3 21. Kxe3 Bxc3 22. bxc3
g4 23. Qxc7+ Rf7 24. Qc8 gxh3 25. Qxh3) 21. Rd3 Bxc3+ 22. bxc3 $16) 20... g4 {
[%csl Rh3]} 21. Kc1 (21. Rxe3 Rxe3 22. Kxe3 gxh3 $13 {[%csl Re3]}) 21... gxh3
22. gxh3 Qg5 {[%cal Gg5c1]} 23. h4 $8 (23. Rhg1 Ng2+ $19 {[%csl Re1][%cal
Rg5c1,Re8e1,Rg2e1]}) (23. Kb1 Qg6+ $19 {[%cal Rg6b1]}) 23... Qxh4 {[%csl Rd4]
[%cal Rh4d4] Nach unklaren Verwicklungen besitzt Weiss einen Mehrbauern, aber
Schwarz entfaltet etwas Initiative.} 24. Nb5 Qf4 {[%cal Gf4c1]} 25. Qd2 a6 (
25... Nxc4 26. Qxf4 Rxe1+ 27. Rxe1 Rxf4 28. b3 Nb6 29. Re7+ $16 {[%cal Re7a7,
Re7g7]}) 26. Nxc7 Re4 {[%csl Rd4][%cal Rf4d4] Der weisse Bauer d4 hängt noch
nicht wegen Se6+.} 27. b3 $16 {Weiss hat zwei Bauern mehr und sein König steht
sicher auf c1.} d5 28. Rhg1+ Kh8 29. Rg3 $4 $138 {Ein schwerer Fehler, nach
dem Schwarz leicht gewinnen kann.} (29. Nxd5 $1 Nxd5 30. Rxe4 Qxe4 31. Qxh6+
$18) 29... dxc4 $4 {Schwarz greift seinerseits daneben.} (29... Nf1 $1 30. Qxf4
Rxe1+ $19 {[%cal Re1c1,Rf8f4]}) (29... Nxc4 30. bxc4 Rxe1+ $19) 30. Rgxe3 $18
cxb3 31. Kb2 (31. Rxe4 b2+ (31... bxa2 32. Rxf4 a1=Q+ 33. Kc2 $18) 32. Kc2
b1=Q+ 33. Rxb1 Qxe4+ 34. Kc3 Qxb1 35. Qxh6+ Kg8 36. Qg5+ $11) 31... Rxd4 32.
Qc3 {[%csl Rd4,Rh8][%cal Gc3h8]} Rc8 33. Re4 $2 (33. Re8+ Rxe8 34. Rxe8+ Kh7
35. Re7+ Kh8 (35... Kg6 36. Rg7+ Kxg7 37. Ne6+ $18 {[%cal Re6g7,Re6f4]}) 36.
Rd7 $18 {[%csl Rd4,Rh8]}) (33. Re4 Qd2+ 34. Qxd2 Rxd2+ 35. Kxb3 Rxc7 $11) 0-1

[Event "Dortmund SuperGM 27th"]
[Site "Dortmund"]
[Date "1999.07.11"]
[Round "2"]
[White "Timman, Jan H"]
[Black "Sokolov, Ivan"]
[Result "1/2-1/2"]
[WhiteElo "2650"]
[BlackElo "2656"]
[Annotator "Ribli,Z"]
[PlyCount "85"]
[EventDate "1999.07.10"]
[EventType "tourn"]
[EventRounds "7"]
[EventCountry "GER"]
[EventCategory "19"]
[SourceTitle "CBM 072"]
[Source "ChessBase"]
[SourceDate "1999.10.01"]
[SourceVersion "1"]
[SourceVersionDate "1999.10.01"]
[SourceQuality "1"]

{[%mdl 1088]} 1. c4 e5 2. Nc3 Nc6 3. Nf3 f5 {Eine relativ seltene Variante.
Häufiger ist die ähnliche Zugfolge 1.c4 e5 2.Nc3 d6 3.Nf3 f5. Ribli.} 4. d4 e4
5. Ng5 {Weiß scheint ein Tempo zu verlieren, aber in Wirklichkeit strebt der
Springer über h3 nach f4 und das weiße Bauernzentrum ist stark.} Bb4 6. g3 Nf6
(6... Qf6 7. a3 (7. Be3 Nge7 8. Qb3 a5 9. a3 a4 10. Qc2 Ba5 11. O-O-O Bxc3 12.
Qxc3 d5 13. f3 Na5 14. fxe4 dxe4 15. Bg2 Qa6 16. c5 Nd5 {0-1 Heuer,T-Jamrich,G/
Budapest 1998/EXT 99 (16)}) 7... Bxc3+ 8. bxc3 Na5 9. Qa4 b6 10. Bg2 Bb7 11. h4
Qc6 12. Qxc6 Bxc6 13. Bf4 h6 14. Nh3 d6 {0-1 Hernando R,J-Garcia Carbo,M/La
Coruna 1996/EXT 97 (42)}) 7. d5 {Dieser Tempogewinn wäre in der Variante 1.c4
e5 2.Nc3 d6 3.Nf3 f5 nicht möglich, denn dort steht der Springer nicht auf c6.}
(7. Bg2 O-O 8. O-O Bxc3 9. bxc3 d6 10. Nh3 h6 11. Nf4 Qe8 12. Nd5 Qf7 13. Nxf6+
Qxf6 14. f3 exf3 15. exf3 Qf7 16. Qd3 Bd7 17. Ba3 f4 18. g4 b6 19. Rfe1 Rfe8
20. Bf1 Re7 21. Rxe7 Qxe7 22. Bc1 Rf8 23. Bd2 Qf6 24. Re1 {1-0 Ilchev,
D-Yordanov,B/Bankia 1990/EXT 98 (48)}) (7. a3 Be7 $2 (7... Bxc3+) 8. Bg2 O-O 9.
d5 Ne5 10. b3 Nfg4 11. Nh3 Bf6 12. Qc2 a6 13. O-O Nf7 14. f3 exf3 15. exf3 Nge5
16. Bd2 g6 17. Rae1 {1-0 Poldauf,D-Gaponenko,I/Groningen 1994/EXT 97 (41)})
7... Ne5 $13 8. Qb3 (8. Qd4 $2 Qe7 {[%cal Gb4c5,Gc5f2]}) 8... Qe7 9. Bg2 $2 (9.
a3 Ba5 $13) (9. Bd2 Nfg4 10. Nh3 Bc5 $13) 9... h6 10. Nh3 Qc5 {[%csl Rc4]
Schwarz hat gute Figurenkoordination. Weiss kann seinen c4-Bauern nicht
verteidigen.} 11. Bf4 (11. Bd2 Qxc4 (11... Nxc4 12. Nxe4 Nxd2 (12... Nxe4 13.
Bxb4 Qxd5 14. Rc1 $44) 13. Nxd2 $11) 12. Nxe4 Nxd5 $17) 11... Nxc4 {Schwarz
hat einen Bauern mehr und obwohl die Stellung kompliziert ist, erkenne ich
keine ausreichende weisse Kompensation.} 12. a3 Ba5 (12... Bxc3+ 13. Qxc3 O-O
14. Rc1 b5 15. b3 Nxd5 16. Qc2 $13) 13. O-O g5 (13... Nxd5 14. Nxd5 Qxd5 15.
Rfd1 Qc6 $17) 14. Bc1 Nxd5 15. Nxd5 Qxd5 $17 {Schwarz hat schon zwei
Mehrbauern und ich glaube nicht, dass die schnelle weiße Entwicklung
ausreichende Kompensation darstellt.} 16. Qc2 d6 (16... O-O 17. f3 Bb6+ 18. Kh1
Nd6 $17 {Schwarz hat Probleme mit der Entwicklung des Damenläufers.}) 17. f3
exf3 (17... Bb6+ $5 18. Kh1 Qe6 19. fxe4 fxe4 20. b3 Ne5 21. Qxe4 Qxb3 $17) 18.
Bxf3 Qc5+ (18... Qd4+ 19. Nf2 Bb6 $17) 19. Nf2 Ne5 20. Bh5+ Ke7 21. Qxc5 {
Weiss muss die Damen tauschen, sonst hat er gar nichts für die zwei Bauern.}
dxc5 22. b4 $1 {[%cal Gc1b2,Gb2h8]} Bb6 {[%cal Gb6g1]} (22... cxb4 23. Bb2 Ke6
24. Nd3 Nxd3 25. Bxh8 $13) 23. Bb2 Ke6 24. e4 $1 {Weiss muss die Stellung
gegen den schwarzen König in der Mitte öffnen.} (24. Bxe5 Kxe5 25. Nd3+ Kd6 26.
bxc5+ Bxc5+ 27. Nxc5 Kxc5 28. Rfc1+ (28. Rac1+ Kb6) 28... Kd6 $19) (24. Nd3 c4+
25. Nc5+ Bxc5+ 26. bxc5 b6 $17) 24... Rf8 (24... f4 25. Ng4 cxb4+ 26. Kh1 Nxg4
27. Bxg4+ Ke7 $17) (24... fxe4 25. Rae1 $16 {[%csl Re6][%cal Re1e6]}) 25. exf5+
Rxf5 26. Rae1 $15 {[%csl Re6][%cal Ge1e6,Rh5g4,Rg4e6] Das weisse Figurenspiel
wird schon gefährlich.} Kd5 $5 {Der schwarze König muss sich verteidigen.} 27.
Rd1+ Kc4 (27... Ke6 28. Bxe5 Rxe5 29. Ng4 cxb4+ 30. Kg2 $44) 28. Be2+ (28. Rc1+
Kb3 29. bxc5 Kxb2 30. cxb6 axb6 31. Rxc7 $13) 28... Kb3 29. Rb1 {[%cal Gb1b3]}
Nf3+ 30. Bxf3 (30. Kg2 $2 Nd2 {[%cal Rd2b1,Rd2f1]}) 30... Rxf3 31. Kg2 (31.
bxc5 Bf5 32. cxb6 Bxb1 33. Rxb1 Kc2 $19) 31... g4 (31... Rxf2+ 32. Rxf2 cxb4 {
[%csl Rf2][%cal Rb6f2]} 33. Be5+ Ka4 (33... Kxa3 $2 34. Rfb2 {[%csl Ra3]} b3
35. Rxb3+ Ka4 36. Rb4+ Ka5 37. Bc3 $18) 34. Rfb2 c5 35. axb4 Bf5 36. Ra1+ Kb5
37. bxc5+ Kxc5 $15) 32. bxc5 Bxc5 33. Bd4+ Kc4 (33... Ka4 34. Bxc5 b6 35. Bd4
Rxa3 $13) 34. Rbc1+ Kxd4 {Es ist phantastisch. Der schwarze König stand in der
ganzen Partie in der Mitte und konnte trotzdem alle Gefahren meistern.} 35.
Rfd1+ Ke5 36. Rxc5+ Kf6 37. Rxc7 {Schwarz besitzt nur noch einen Mehrbauern.
Die aktiven weissen Türme kompensieren das.} Bf5 $1 38. Rxb7 Re8 $1 {Schwarz
opfert zwei Bauern, beendet aber endlich die Entwicklung.} 39. Rd6+ (39. Rxa7
Re2 40. Rf1 Ra2 41. Kg1 (41. a4 $2 Bd3 $19 {[%csl Rf1,Rf2,Rg2][%cal Rd3f1]})
41... Kg6 $44) 39... Re6 40. Rxe6+ Bxe6 41. Rxa7 {Weiss hat einen Bauern mehr,
aber das schwarze Figurenspiel ist sehr gute Kompensation für den materiellen
Nachteil.} Rb3 $11 {[%csl Rf2][%cal Ge6d5,Gd5g2]} 42. Ra6 {[%cal Ga6f6] Der
weisse Springer steht passiv auf f2 und muss den König verteidigen.} Ke5 {
[%csl Ge5]} 43. Ra5+ {Hier wurde Remis gegeben. Die schwarze Aktivität
kompensiert den materiellen Nachteil.} (43. Ra5+ Bd5+ 44. Kf1 h5 $11) 1/2-1/2

[Event "Hoogovens"]
[Site "Wijk aan Zee"]
[Date "1997.01.18"]
[Round "1"]
[White "Kortschnoj, Viktor Lvovich"]
[Black "Nikolic, Predrag"]
[Result "0-1"]
[WhiteElo "2635"]
[BlackElo "2655"]
[Annotator "Ribli,Z"]
[PlyCount "66"]
[EventDate "1997.01.18"]
[EventType "tourn"]
[EventRounds "13"]
[EventCountry "NED"]
[EventCategory "16"]
[SourceTitle "CBM 057"]
[Source "ChessBase"]
[SourceDate "1997.04.01"]
[SourceVersion "1"]
[SourceVersionDate "1997.04.01"]
[SourceQuality "1"]

1. c4 e5 2. Nc3 Nc6 3. Nf3 f5 4. d4 e4 5. Ng5 Nf6 6. e3 (6. Nh3 $5) 6... h6 7.
Nh3 g5 8. f3 exf3 9. Qxf3 d6 10. Nf2 $13 {Weiß hat die besseren Aussichten im
Zentrum, aber Schwarz hat auch seine Chancen, da sein König -nach eventueller
langer Rochade - Sicherheit am Damenflügel findet.Ribli.} Qe7 11. Qe2 $146 (11.
Nd5 Nxd5 12. cxd5 Nb4 13. Bb5+ Kd8 $13 {Lautier,J-Nikolic,P/Horgen/1994/})
11... Bg7 12. h4 $6 {Dieser Zug gefällt mir nicht. Weiß schwächt seine
Stellung und später hat er nur Probleme wegen dieses Zuges, Ribli.} (12. Bd2 $5
{Mit der Idee 13.0-0-0.Ribli.}) 12... Qf7 13. hxg5 hxg5 14. Rxh8+ Bxh8 15. Nh3
Qg6 (15... g4 $2 16. Nf4 $16) 16. Nd5 Nxd5 17. cxd5 Ne7 18. Qc4 c6 $8 19. dxc6
bxc6 20. Bd2 {Wir haben eine Stellung, in der für beide Spieler nur die lange
Rochade möglich ist, aber das ist nur eine theoretische Überlegung, in der
Praxis bleiben beide Könige in der Mitte.Ribli.} Be6 21. Qa4 Qh5 $15 22. Bc4
Qh4+ 23. Nf2 d5 24. Be2 Bf6 25. Rc1 Kf7 {Es ist nicht schwer zu bemerken, daß
die schwarze Königsstellung viel besser ist, das ist ein wichtiger Faktor im
folgenden taktischen Kampf.Ribli.} 26. Rc3 g4 27. Bf1 a5 28. Rb3 Qh2 $17 {
Droht die tödliche Feßlung 29...Bh4.Ribli.} 29. Nd3 Qg1 30. Ke2 g3 31. Rb7 f4
$1 32. exf4 (32. Nxf4 $2 Bg4+ 33. Kd3 Qxf1+ $19) (32. Qxc6 f3+ 33. Kxf3 $2 (33.
gxf3 g2 34. Rxe7+ Bxe7 (34... Kxe7 35. Qc7+ Bd7 36. Bxg2 Qxg2+ $19 {Ein
wirklich effektiver Zug in Zeitnot.Ribli.}) 35. Ne5+) 33... Qxf1+ 34. Kxg3 Qxd3
$19) 32... Bg4+ 33. Ke1 Rh8 $1 {Und Weiß gab auf, da er nichts gegen 34...Qxf1
35.Kxf1 Rh1 matt unternehmen kann. Ribli.} 0-1